000 00330nam a22001457a 4500
008 210223b ||||| |||| 00| 0 eng d
020 _a9780321386724
041 _aeng
080 _29th
_a510
082 _a510
100 _a36
101 _aMAT
245 _aFinite Mathematics with Applications
_cLial,L.M
942 _2udc
_cBK
999 _c55110
_d55110